MACLEOD'S CLINICAL EXAMINATION (Record no. 6674)

MARC details
000 -LEADER
fixed length control field 00339nam a2200133Ia 4500
008 - FIXED-LENGTH DATA ELEMENTS--GENERAL INFORMATION
fixed length control field 150301s2013 xx 000 0 und d
082 ## - DEWEY DECIMAL CLASSIFICATION NUMBER
Classification number 616.024
Item number M13D
100 ## - MAIN ENTRY--PERSONAL NAME
Personal name DOUGLAS, GRAHAN
245 ## - TITLE STATEMENT
Title MACLEOD'S CLINICAL EXAMINATION
260 ## - PUBLICATION, DISTRIBUTION, ETC. (IMPRINT)
Name of publisher, distributor, etc. CHURCHILL LIVINGSTON
Date of publication, distribution, etc. 2013
300 ## - PHYSICAL DESCRIPTION
Extent 451
650 ## - SUBJECT ADDED ENTRY--TOPICAL TERM
Topical term or geographic name as entry element GENERAL MEDICINE
942 ## - ADDED ENTRY ELEMENTS (KOHA)
Source of classification or shelving scheme Dewey Decimal Classification
Koha item type Books
Koha issues (borrowed), all copies 41
Holdings
Withdrawn status Lost status Source of classification or shelving scheme Damaged status Not for loan Collection code Home library Current library Shelving location Date acquired Source of acquisition Cost, normal purchase price SGTU Bill Number Total Checkouts Full call number Barcode Date last seen Date last checked out Bill Date Koha item type Total Renewals
    Dewey Decimal Classification     MEDICAL SGT Medical Library SGT Medical Library Reference Book 02/07/2015 ABC DELHI 0.00 SGTU 4960 3 616.024 M13D FM6953 01/03/2025 01/03/2025 25/10/2014 Books  
    Dewey Decimal Classification     MEDICAL SGT Medical Library SGT Medical Library Reference Book 02/07/2015 ABC DELHI 0.00 SGTU 4960 11 616.024 M13D FM6954 24/03/2025 24/02/2025 25/10/2014 Books 1
    Dewey Decimal Classification     MEDICAL SGT Medical Library SGT Medical Library Reference Book 02/07/2015 ABC DELHI 0.00 SGTU 4960 30 616.024 M13D FM6955 18/03/2025 28/02/2025 25/10/2014 Books  
    Dewey Decimal Classification   Not For Loan MEDICAL SGT Medical Library SGT Medical Library Reference Book 02/07/2015 ABC DELHI 0.00 SGTU 4960   616.024 M13D FM6956 24/11/2018   25/10/2014 Books  
    Dewey Decimal Classification     MEDICAL SGT Medical Library SGT Medical Library Reference Book 02/07/2015 ABC DELHI 0.00 SGTU 4960 20 616.024 M13D FM6957 30/05/2026 31/03/2026 25/10/2014 Books